Christmas Things - Picture Quiz - Statistics

General Stats
  • This quiz has been taken 78 times
  • The average score is 12 of 13
Answer Stats
Picture Answer % Correct
Santa
100%
Candy Cane
98%
Reindeer
98%
Sleigh
98%
Grinch
97%
Snowman
97%
Tree
97%
Angel
95%
Nativity / Jesus
95%
Present / Gift
95%
Cookie
94%
Lights
92%
Ornament
84%
No matching quizzes found
Score Distribution
Percent of People with Each Score
Percentile by Number Answered
Your Score History
You have not taken this quiz